00638 2200241 4500001002100000005001700021008004100038020001800079035002400097082000800121090001800129100002000147245007400167250001100241260003300252300002300285650002000308700002000328850001200348985000600360999001500366999001500381YOGYA-0209000004933920090227032221.0 ind  a979-666-281-7 0010-020900000049339 a813 a813bBus HlT aBUSYE, Motinggo aHari ini tidak ada cintacMotinggo Busye ; penyunting, Venus Khasanah aCet. 1 aJakartabBalai Pustakac1999 avii, 78 hlmc21 cm aFiksi Indonesia aKhasanah, Venus aYOPDYOG a2 a00P0001962 a00P0001963